000 01106nam a2200289Ia 4500
003 OSt
005 20221005110546.0
006 a|||||r|||| 00| 0
007 ta
008 221004b |||||||| |||| 00| 0 hin d
020 _a8126311533 (hbk)
_cINR 230.00
024 _a37053
037 _bBW/1697, 15/03/2018, Bookwell
_cTextual
040 _aCRL
_cCRL
_bhin
041 _2hin
_ahin
082 _aO152,6N26:g, P6
100 _aतनेजा, जयदेव, ले.
245 0 _aआधुनिक भारतीय रंगलोक
246 _aĀdhunik bhāratīya rangaloka
260 _aनई दिल्ली
_bभारतीय ज्ञानपीठ भारत
_c2006
300 _a308पृ0
_ccm.
490 _aलोकोदय ग्रन्थमाला; ग्रन्थांक 810
650 _a हिन्दी साहित्य
650 _aहिन्दी निबंध
942 _hO152,6N26:g, P6
_cTEXL
_2cc
999 _c1019200
_d1019200